| 000 | 00448nam a2200181Ia 4500 | ||
|---|---|---|---|
| 003 | IN-BaIIA | ||
| 008 | 211028s9999 xx 000 0 eng d | ||
| 020 | _a0-486-22947-5 | ||
| 040 | _cIIA Library | ||
| 080 |
_a520.378 _bWAU |
||
| 100 |
_aWaugh, Albert E _97981 |
||
| 245 | 0 |
_aSundials _cA. E. Waugh |
|
| 260 |
_aNew York _bDover Publications _c1973 |
||
| 300 | _axii, 228p. | ||
| 650 |
_a Dials _97982 |
||
| 650 |
_aTime _97983 |
||
| 942 | _cBK | ||
| 999 |
_c4542 _d4542 |
||